01594nam a2200313 a 450000100100000000500170001000800410002702000150006804000250008308200200010810000420012824500840017026000460025430000200030049000230032050000710034358600570041459000280047165000270049965000310052683000280055791000370058595201330062295201330075595201330088895201180102195201240113999900170126300001147420240412074226.0091019s2006 dr 000 d spa d a9945427075 aDO-SdBNPbspacBNPHU aRD862.44bC957s1 aCruz Durán, Giovanny,d1953-92716810aSobre ángeles y demonios :b(tragedia en dos actos) /cGiovanny Cruz Durán. aSanto Domingo :bEditora Nacional,c2006. a74 p. ;c24 cm.1 aPremios Nacionales aIncluye datos biográficos del autor en la solapa de la cubierta. aPremio Nacional de Teatro Cristóbal de Llena, 2006 aInventariado, 2019 / DG 0aTeatro dominicano9637 0aLiteratura dominicana.967 0aPremios Nacionales9718 aValidado. Control de calidad MFF 001054708DSaGRbGRcHDd2009-10-19iLF1l0oRD862.44 C957sp11474-30r2020-06-25te. 3w2020-06-25yLFDSZPréstamo en sala 001054708DSaGRbGRcHDd2010-01-28iLF1l0oRD862.44 C957sp11474-40r2020-06-25te. 4w2020-06-25yLFDSZPréstamo en sala 001054708DSaGRbGRcHDd2010-01-28iLF1l0oRD862.44 C957sp11474-50r2020-06-25te. 5w2020-06-25yLFDSZPréstamo en sala 0010718PDaPDbPDcHDd2009-10-19iLF1l0oRD862.44 C957sp11474-10r2020-06-25w2020-06-25yLFPDZNo se presta 0010718PDaPDbPDcHDd2009-10-19iLF1l0oRD862.44 C957sp11474-20r2020-06-25te. 2w2020-06-25yLFPDZNo se presta c11175d11175